00267nam a2200109Ia 4500008004100000082001600041100001900057245002300076250000900099260004100108300000800149150731s2006 xx 000 0 und d a611bM 06 B aBHADHI KAR, D. aM C Q S IN ANATOMY a1 ST bTHE NATIONAL BOOK DEPT. MUMBAIc2006 a300